Szczegóły MARC21

Pomniki, akcenty rzeźbiarskie, tablice pamiątkowe Szczecina /

003 -Nazwa inst., której nr kontr. jest w polu 001 [,]
    • @
    • Nazwa instytucji, której n kontrolny jest w polu 001
    • NUKAT
005 -DATA I CZAS OSTATNIEJ MODYFIKACJI [,]
    • @
    • pole kontrolne
    • 20241231110556.0
020 -Międzynarod. znormalizowany nr książki - ISBN [ , ]
    • a
    • Numer ISBN
    • 9788363365288 Find
040 -Instytucja sporządzająca opis [ , ]
    • a
    • Instytucja, która sporządziła opis (NP)
    • SZCZ M/MK
    • c
    • Instytucja, która sporządziła rekord (NP)
    • SZCZ M/MK
    • d
    • Instytucja, która zmodyfikowała rekord (P)
    • POZN U/HAs
942 -Rodzaj dokumentu [ , ]
    • c
    • Rodzaj dokumentu
    • Książka
245 -Strefa tytułu i oznaczenia odpowiedzialności [0,0]
    • a
    • Tytuł
    • Pomniki, akcenty rzeźbiarskie, tablice pamiątkowe Szczecina / Find
    • c
    • Pozostałe elementy strefy tytułu i oznaczenia odpowiedzialności (NP)
    • pod red. Joanny Kozakowskiej ; [aut. Antoni Adamczak et al.].
260 -Strefa adresu wydawniczego [ , ]
    • a
    • Miejsce wydania (P)
    • Szczecin :
    • b
    • Nazwa wydawcy (P)
    • Muzeum Narodowe,
    • c
    • Data wydania (P)
    • 2012.
300 -Strefa opisu fizycznego [ , ]
    • a
    • Określenie formy książki i/lub objętość (NP)
    • 416 s. :
    • b
    • Oznaczenie ilustracji (NP)
    • il. ;
    • c
    • Format (NP)
    • 28 cm.
336 -Typ zawartości [ , ]
    • a
    • Termin opisujący typ zawartości
    • Tekst
    • b
    • Kod określający zawartość
    • txt
    • 2
    • Źródło (terminu i kodu)
    • rdacontent
337 -Typ mediów [ , ]
    • a
    • Tryb odtwarzania
    • Bez urządzenia pośredniczącego
    • b
    • Kod typu mediów
    • n
    • 2
    • Źródło (terminu i kodu)
    • rdamedia
338 -Typ/rodzaj nośnika [ , ]
    • a
    • Hasło opisujące typ nośnika
    • Wolumin
    • b
    • Kod typu nośnika
    • nc
    • 2
    • Źródło (terminu i kodu)
    • rdacarrier
504 -Uwaga dot. bibliogr. załącznikowej [ , ]
    • a
    • Uwaga dot. bibliografii załącznikowej
    • Indeks.
080 -Uniwersalna Klasyfikacja Dziesiętna [ , ]
    • 2
    • Identyfikator wydania tablic
    • UDC-P058
    • 9
    • UKD
    • 6029
    • a
    • Symbol klasyfikacji
    • 725.94
    • b
    • Dopowiedzenie
    • Pomniki. Posągi. Mała architektura miejska. Fontanny. Latarnie.
    • 4
    • UKD2
    • 7642
    • x
    • Poddział wspólny
    • (438)
    • c
    • Dopowiedzenie poddz. wspólnego
    • (Polska).
    • 4
    • UKD2
    • 10593
    • x
    • Poddział wspólny
    • (083.822)
    • c
    • Dopowiedzenie poddz. wspólnego
    • (Inwentarze).
650 -Hasło przedmiotowe [ ,7]
    • a
    • Hasło przedmiotowe
    • Tablice pamiątkowe
    • z
    • Określnik geograficzny
    • Polska
    • z
    • Określnik geograficzny
    • Szczecin
    • v
    • Określnik formalny
    • katalogi.
    • 2
    • Źródło terminu
    • kaba
    • 9
    • KHW
    • 384777
650 -Hasło przedmiotowe [ ,7]
    • a
    • Hasło przedmiotowe
    • Pomniki
    • z
    • Określnik geograficzny
    • Polska
    • z
    • Określnik geograficzny
    • Szczecin
    • v
    • Określnik formalny
    • katalogi.
    • 2
    • Źródło terminu
    • kaba
    • 9
    • KHW
    • 384778
650 -Hasło przedmiotowe [ ,7]
    • a
    • Hasło przedmiotowe
    • Inskrypcje
    • z
    • Określnik geograficzny
    • Polska
    • z
    • Określnik geograficzny
    • Szczecin
    • v
    • Określnik formalny
    • katalogi.
    • 2
    • Źródło terminu
    • kaba
    • 9
    • KHW
    • 384779
980 -Symbol UKD [ , ]
    • a
    • UKD
    • 725.94(438)(083.822) Szczecin
700 -Hasło dodatkowe - nazwa osobowa [1, ]
    • a
    • Nazwa osobowa (NP)
    • Kozakowska, Joanna. Find
    • e
    • Określenie rodzaju współpracy
    • Red.
    • 9
    • KHW
    • 71795
700 -Hasło dodatkowe - nazwa osobowa [1, ]
    • a
    • Nazwa osobowa (NP)
    • Adamczak, Antoni Find
    • d
    • Daty biograficzne (NP)
    • (1936- ).
    • 9
    • KHW
    • 71794
710 -Hasło dodatkowe - nazwa ciała zbiorowego [2, ]
    • a
    • Nazwa ciała zbiorowego lub nazwa geograficzna jako pierwszy element (NP)
    • Muzeum Narodowe (Szczecin).
    • 4
    • Kod relacji
    • pbl
    • 9
    • KHW
    • 17931
920 -ISBN [ , ]
    • a
    • ISBN
    • 978-83-63365-28-8 Find
Numer inwentarzowy Status udost. Lokalizacja Data inwentaryzacji
Z.1185261BG2014-04-25
Ikn.12131BG